| 000 | 00383nam a2200157Ia 4500 | ||
|---|---|---|---|
| 003 | OSt | ||
| 005 | 20240129095033.0 | ||
| 008 | 170523s9999 xx 000 0 und d | ||
| 020 | _a 9780256005240 | ||
| 040 | _cIIMT UNIVERSITY | ||
| 100 | _aSEILLER- JOHN A | ||
| 245 | 0 | _aSYSTEM ANALYSIS IN ORGANISATIONAL BEHAVIOUR | |
| 260 | _bRICHARD D IRWIN | ||
| 260 | _c1967 | ||
| 942 |
_2ddc _c02 |
||
| 999 |
_c143 _d143 |
||